Básně a listy
| Titel: | Básně a listy / Bohuslav Hasištejnský z Lobkovic ; výběr textů a uspořádání, překlad z latinských originálů a ediční zpracování Marta Vaculínová |
|---|---|
| Verfasser: | |
| Beteiligt: | |
| Ausgabe: | V České knižnici vydání první |
| Veröffentlicht: |
Praha : Nadační fond České knižnice, 2022 Praha : Ústav pro českou literaturu AV ČR, v.v.i, 2022 Brno : Host, 2022 |
| Umfang: | 179 Seiten |
| Format: | Buch |
| Sprache: | Tschechisch |
| Schriftenreihe/ mehrbändiges Werk: |
Česká knižnice ; svazek 116 |
| RVK-Notation: | |
| ISBN: | 9788088183310 ; 9788076580367 ; 9788027510993 |
| Hinweise zum Inhalt: |
Inhaltsverzeichnis
Buch Bibliographie Cover Abstract |
alg: 52011421 001A $03004:24-07-24 001B $01999:21-11-25 $t16:16:37.000 001D $03004:09-08-24 001U $0utf8 001X $00 002@ $0Aau 002C $aText $btxt $2rdacontent 002D $aohne Hilfsmittel zu benutzen $bn $2rdamedia 002E $aBand $bnc $2rdacarrier 003@ $0520114213 004A $A978-80-88183-31-0 004A $A978-80-7658-036-7 004A $A978-80-275-1099-3 006C $01335399845 $aOCoLC 007A $0BV048318959 $aBVB 007G $0DE020B6FBB9845E1B625AC1258B7A0037BAC4 009P $qapplication/pdf $A2 $3Inhaltsverzeichnis $uhttp://scans.hebis.de/HEBCGI/show.pl?52011421_toc.pdf $mV:DE-603;B:DE-Mb50 009P $qapplication/pdf $A2 $3Buch Bibliographie $uhttp://scans.hebis.de/HEBCGI/show.pl?52011421_bib.pdf $mV:DE-603;B:DE-Mb50 009P $qapplication/pdf $A2 $3Cover $uhttp://scans.hebis.de/HEBCGI/show.pl?52011421_cov.pdf $mV:DE-603;B:DE-Mb50 009P $qapplication/pdf $A2 $3Abstract $uhttp://scans.hebis.de/HEBCGI/show.pl?52011421_sum.pdf $mV:DE-603;B:DE-Mb50 010@ $acze 010E $erda 011@ $a2022 $n2022 013D $RQuelle $#Korrespondenz Briefsammlung $#Briefwechsel Briefsammlung $#Briefsammlungen $74146609-3 $8Briefsammlung [Ts1] $9085588547 $y1482--1510 021A $aBásně a listy $hBohuslav Hasištejnský z Lobkovic ; výběr textů a uspořádání, překlad z latinských originálů a ediční zpracování Marta Vaculínová 028A $BVerfasser $#Hassenstein, Bohuslav $#Hassenstein, Bohuslaus $#Hassenstein, Bohuslaw Lobkowitz von $#Lobkowitz, Bohuslav Hassenstein von $#Hasišteinský, Bohuslav z Lobkovic- $#Lobkowic a z Hasensteynu, Bohuslaw z $#Hasensteynu, Bohuslaw z Lobkowic a z $#Hassenstein a Lobkowitz, Bohuslaus $#Lobkowitz, Bohuslaus H. a $#Hassenstein a Lobkovitz, Bohuslaus $#Lobkovitz, Bohuslaus H. a $#Hassensteinius Lobkovicius, Bohuslaus $#Lobkovicius, Bohuslaus H. $#Lobkowitz, Bohuslaw Hassenstein von $#Hasišteinský z Lobkovic, Bohuslav $#Hassensteynius a Lobkowitz, Bohuslas $#Hassensteinius a Lobkowicz, Bohuslas $#Hassensteinivs a Lobkowicz, Bohvslavs $#Lobkovic, Hasistein de $#Lobkowitz, Bohuslaus $#Boguslav$#Lobkowitz und Hassistein, Buguslav von $#Lobkowitz, Bohuslaw von Hasenstein und $#Lobkowicz, Bohuslaw von Hasenstein und $#Lobkovicz von Hassenstein, Bohuslaw $#Lobkowicz von Hassenstein, Bohuslaw $#Lobkowitz und Hassenstein, Bohuslav von $#Lobkovic, Bohuslav Hasištejnský z $#Hassenstein von Lobkowitz, Bohuslaus $#Lobkowitz, Bohuslaus Hassenstein von $#Lobkowicz, Bohuslaus Hassensteinius a $#Hasistenius, Bohuslaus $#Hasisteynius a Lobkowitz, Bohuslaus $#Hasistenius a Lobkowicz, Bohuslaus $#Hasišteinský z Lobkowitz, Bohuslas $#Lobkowitz und Hassistein, Boguslav von $#Hasištejnský z Lobkovic, Bohuslav $#Hasenstein von Lobkowitz, Bohuslaus $#Hassenstein und Lobkowitz, Bohuslaw von $#Hassenstein und Lobkowitz, Bohuslaus von $#Lobkowitz, Bohuslaw von Hassenstein und $#Lobkovic-Hasišteinský, Bohuslav z $#Hasišteinský, Bohuslav z Lobkovic $#Bohuslaus $#Hassenstayn, Bohuslav von $#Hassensteinius a Lobkowicz, Bohuslaus $#Bogislas $#Bogislas $#Bohuslaus $#Boleslas $#Boleslas $#Hasištejnský z Lobkowicz, Boguslav $#Hassenstein, Bohuslaus de $#Lobkowitz, Bohuslaw von $4aut $7118573713 $8Lobkowitz von Hassenstein, Bohuslaw$Z1462-1510 [Tp1] $908691474X 028C $BHerausgeber $#Vaculínová, M. $4edt $71223628116 $8Vaculínová, Marta$Z1969- [Tp3] $9473985039 032@ $aV České knižnici vydání první 033A $pPraha $nNadační fond České knižnice 033A $pPraha $nÚstav pro českou literaturu AV ČR, v.v.i 033A $pBrno $nHost 034D $a179 Seiten 036E $aČeská knižnice $lsvazek 116 037A $aLiteraturverzeichnis Seite 130-133 037A $aReprezentativní výběr z poezie a dochované korespondence Bohuslava Hasištejnského z Lobkovic 044K $qBVB $#Hassenstein, Bohuslav $#Hassenstein, Bohuslaus $#Hassenstein, Bohuslaw Lobkowitz von $#Lobkowitz, Bohuslav Hassenstein von $#Hasišteinský, Bohuslav z Lobkovic- $#Lobkowic a z Hasensteynu, Bohuslaw z $#Hasensteynu, Bohuslaw z Lobkowic a z $#Hassenstein a Lobkowitz, Bohuslaus $#Lobkowitz, Bohuslaus H. a $#Hassenstein a Lobkovitz, Bohuslaus $#Lobkovitz, Bohuslaus H. a $#Hassensteinius Lobkovicius, Bohuslaus $#Lobkovicius, Bohuslaus H. $#Lobkowitz, Bohuslaw Hassenstein von $#Hasišteinský z Lobkovic, Bohuslav $#Hassensteynius a Lobkowitz, Bohuslas $#Hassensteinius a Lobkowicz, Bohuslas $#Hassensteinivs a Lobkowicz, Bohvslavs $#Lobkovic, Hasistein de $#Lobkowitz, Bohuslaus $#Boguslav $#Lobkowitz und Hassistein, Buguslav von $#Lobkowitz, Bohuslaw von Hasenstein und $#Lobkowicz, Bohuslaw von Hasenstein und $#Lobkovicz von Hassenstein, Bohuslaw $#Lobkowicz von Hassenstein, Bohuslaw $#Lobkowitz und Hassenstein, Bohuslav von $#Lobkovic, Bohuslav Hasištejnský z $#Hassenstein von Lobkowitz, Bohuslaus $#Lobkowitz, Bohuslaus Hassenstein von $#Lobkowicz, Bohuslaus Hassensteinius a $#Hasistenius, Bohuslaus $#Hasisteynius a Lobkowitz, Bohuslaus $#Hasistenius a Lobkowicz, Bohuslaus $#Hasišteinský z Lobkowitz, Bohuslas $#Lobkowitz und Hassistein, Boguslav von $#Hasištejnský z Lobkovic, Bohuslav $#Hasenstein von Lobkowitz, Bohuslaus $#Hassenstein und Lobkowitz, Bohuslaw von $#Hassenstein und Lobkowitz, Bohuslaus von $#Lobkowitz, Bohuslaw von Hassenstein und $#Lobkovic-Hasišteinský, Bohuslav z $#Hasišteinský, Bohuslav z Lobkovic $#Bohuslaus $#Hassenstayn, Bohuslav von $#Hassensteinius a Lobkowicz, Bohuslaus $#Bogislas $#Bogislas $#Bohuslaus $#Boleslas $#Boleslas $#Hasištejnský z Lobkowicz, Boguslav $#Hassenstein, Bohuslaus de $#Lobkowitz, Bohuslaw von $7118573713 $8Lobkowitz von Hassenstein, Bohuslaw$Z1462-1510 [Tp1] $908691474X 045F $a800 $eDDC22BSB 045F/01 $a800 045F/03 $f09031 045F/03 $f09024 045F/03 $g4371 045G $a929.09437109024 $eDDC22BSB 045G/01 $a929 045G/03 $f09024 045G/03 $f09031 045G/03 $g4371 045Z $8KS 2603 [Tkv] $9409316083 lok: 52011421 24 exp: 52011421 24 1 #EPN 201B/01 $009-08-24 $t09:09:18.000 201C/01 $024-07-24 201U/01 $0utf8 203@/01 $0126767542X 208@/01 $a09-08-24 $bz 209A/01 $a24.04313 $du $f050 $h24 04313 $x00 209C/01 $a24.04313 K $h24 04313 K 209G/01 $a74788734 $x00 220C/01 $akon 247C/01 $8358050-7 Marburg, Bibliothek des Herder-Instituts Marburg $9102600961
| LEADER | 00000cam a2200000 c 4500 | ||
|---|---|---|---|
| 001 | 520114213 | ||
| 003 | DE-603 | ||
| 005 | 20251121161637.0 | ||
| 007 | tu | ||
| 008 | 240724s2022 xx |||| | u00||u|cze c | ||
| 020 | |a 9788088183310 | ||
| 020 | |a 9788076580367 | ||
| 020 | |a 9788027510993 | ||
| 035 | |a (DE-599)BVBBV048318959 | ||
| 040 | |a DE-603 |b ger |c DE-603 |d DE-603 |e rda | ||
| 041 | |a cze | ||
| 082 | 0 | 4 | |8 1\u |a 800 |q DE-101 |2 22/BSB |
| 083 | 0 | |8 2\u |a 929.09437109024 |q DE-101 |2 22/BSB | |
| 084 | |a KS 2603 |0 (DE-625)84065:11642 |0 (DE-603)409316083 |2 rvk | ||
| 085 | |8 1\u |b 800 | ||
| 085 | |8 1\u |z 1 |s 09031 | ||
| 085 | |8 1\u |z 1 |s 09024 | ||
| 085 | |8 1\u |z 2 |s 4371 | ||
| 085 | |8 2\u |b 929 | ||
| 085 | |8 2\u |z 1 |s 09024 | ||
| 085 | |8 2\u |z 1 |s 09031 | ||
| 085 | |8 2\u |z 2 |s 4371 | ||
| 100 | 1 | |a Lobkowitz von Hassenstein, Bohuslaw |d 1462-1510 |e Verfasser |4 aut |0 (DE-603)08691474X |0 (DE-588)118573713 |2 gnd | |
| 245 | 0 | 0 | |a Básně a listy |c Bohuslav Hasištejnský z Lobkovic ; výběr textů a uspořádání, překlad z latinských originálů a ediční zpracování Marta Vaculínová |
| 250 | |a V České knižnici vydání první | ||
| 264 | 1 | |a Praha |b Nadační fond České knižnice |c 2022 | |
| 264 | 1 | |a Praha |b Ústav pro českou literaturu AV ČR, v.v.i |c 2022 | |
| 264 | 1 | |a Brno |b Host |c 2022 | |
| 300 | |a 179 Seiten | ||
| 336 | |a Text |b txt |2 rdacontent | ||
| 337 | |a ohne Hilfsmittel zu benutzen |b n |2 rdamedia | ||
| 338 | |a Band |b nc |2 rdacarrier | ||
| 490 | 0 | |a Česká knižnice |v svazek 116 | |
| 500 | |a Literaturverzeichnis Seite 130-133 | ||
| 500 | |a Reprezentativní výběr z poezie a dochované korespondence Bohuslava Hasištejnského z Lobkovic | ||
| 600 | 1 | 7 | |a Lobkowitz von Hassenstein, Bohuslaw |d 1462-1510 |0 (DE-588)118573713 |0 (DE-603)08691474X |2 gnd |
| 655 | 7 | |a Briefsammlung |y 1482--1510 |2 gnd-content |0 (DE-588)4146609-3 |0 (DE-603)085588547 | |
| 700 | 1 | |a Vaculínová, Marta |d 1969- |e Herausgeber |4 edt |0 (DE-603)473985039 |0 (DE-588)1223628116 |2 gnd | |
| 856 | 4 | 2 | |m V:DE-603;B:DE-Mb50 |q application/pdf |u http://scans.hebis.de/HEBCGI/show.pl?52011421_toc.pdf |3 Inhaltsverzeichnis |
| 856 | 4 | 2 | |m V:DE-603;B:DE-Mb50 |q application/pdf |u http://scans.hebis.de/HEBCGI/show.pl?52011421_bib.pdf |3 Buch Bibliographie |
| 856 | 4 | 2 | |m V:DE-603;B:DE-Mb50 |q application/pdf |u http://scans.hebis.de/HEBCGI/show.pl?52011421_cov.pdf |3 Cover |
| 856 | 4 | 2 | |m V:DE-603;B:DE-Mb50 |q application/pdf |u http://scans.hebis.de/HEBCGI/show.pl?52011421_sum.pdf |3 Abstract |
| 924 | 0 | |9 Mb 50 |a (DE-603)126767542X |b DE-Mb50 |c HES |d c |g 24.04313 | |


